| 000 | 00897nas a2200301 4500 | ||
|---|---|---|---|
| 001 | BR0205114 | ||
| 003 | BR-BrBNA | ||
| 005 | 20231205103314.0 | ||
| 007 | ta | ||
| 008 | 230509b bl.|||p| |||| 00| 00por d | ||
| 040 |
_aBR-BrBNA _bpor _cBiblioteca Nacional de Agricultura |
||
| 041 | _a(Pt) | ||
| 072 | _aP35; P10 | ||
| 100 | 1 | _aGaivizzo, L.H.B. | |
| 100 | 1 | _aVidor, C. | |
| 100 | 1 | _aTedesco, M.J. | |
| 100 | 1 | _aMeurer, E. | |
| 245 | 1 | _aPotencial poluidor de rejeitos carboníferos; 1: caracterização química da água de lixiviação | |
| 650 | _aLIXIVIAÇÃO | ||
| 650 | _aÁGUA | ||
| 650 | _aCOMPOSIÇÃO QUÍMICA | ||
| 650 | _aPOLUIÇÃO | ||
| 650 | _aSOLUBILIZAÇÃO | ||
| 650 | _aACIDIFICAÇÃO | ||
| 773 | 0 |
_tCiência Rural (Brazil) _xISSN 0103-8478 _g(Sep-Oct 2002), v. 32(5) p. 771-780 _wBR0205114 |
|
| 909 |
_a202311 _bLúcia _c55 _dLúcia Elande |
||
| 942 |
_2AGRIS _n0 _cANA |
||
| 999 |
_c172180 _d172180 |
||